| LEADER | 00928nam a2200241 u 4500 | ||
|---|---|---|---|
| 001 | 10031165 | ||
| 003 | GR-PaULI | ||
| 005 | 20231111063219.0 | ||
| 008 | 991125s1999 us eng | ||
| 952 | |0 0 |1 0 |2 ddc |4 0 |6 Π_611_018000000000000_ZHA |7 0 |9 200868 |a LISP |b LISP |c REF |d 2016-04-24 |i 052457 |l 0 |o Π 611.018 ZHA |p 025000073282 |r 2022-01-26 00:00:00 |t 1 |v 2016.00 |w 2016-04-24 |y BKN | ||
| 999 | |c 123051 |d 123051 | ||
| 020 | |a 0387949542 | ||
| 040 | |a GR-PaULI |c GR-PaULI |b gre |e AACR2 | ||
| 082 | 0 | 4 | |a 611.018 |2 23 |
| 100 | 1 | |a Zhang, Shu-Xin |9 154419 |e συγγραφέας. | |
| 245 | 1 | 3 | |a An atlas of histology / |c Shu-Xin Zhang. |
| 260 | |a New York : |b Springer, |c 1999. | ||
| 300 | |a xvii, 426 σ. : |b εικ. ; |c 28 εκ. | ||
| 500 | |a | ||
| 504 | |a Περιλαμβάνει βιβλιογραφικές παραπομπές και ευρετήριο. | ||
| 650 | 0 | |a Ιστολογία |9 5599 | |
| 942 | |2 ddc |c BKN | ||
| 998 | |c ΜΠΟΥΡΑΣ |d 2020-07 | ||